Loading...

Economic Organization of Agriculture

Bibliographic Details
Main Author: Schultz, Theodore W
Format: Printed Book
Language:Undetermined
English
Published: New York McGraw Hill Book Company 1953
Subjects:
LEADER 00576nam a2200169Ia 4500
008 140306s9999 xx 000 0 und d
041 |a eng 
082 |a 338.1  |b SCH 
100 |a Schultz, Theodore W 
245 |a Economic Organization of Agriculture 
260 |a New York  |b McGraw Hill Book Company  |c 1953 
300 |a 367 
650 |a Agriculture- Economical aspects  
650 |a Economic development 
942 |2 ddc  |c BK 
999 |c 72260  |d 72260 
952 |0 0  |1 0  |2 ddc  |4 0  |6 338_100000000000000_SCH  |7 0  |9 78611  |a KAUACV  |b KAUACV  |d 2004-06-14  |o 338.1 SCH  |p KAU_ACV-1615  |r 2014-03-22  |w 2014-03-22  |y BK